00442nam a2200109Ia 4500008004100000050002900041100002200070245009900092260008600191300002800277521002700305140724s9999 xx 000 0 und d aQA 76.76.T48b.M831 2009 aMorato, Rommel S. 4aThe library management system (LMS) of Mary Help of Christians Montessori /cRommel S. Morato. aLas Piñas, Philippines :bSouthville International School and Colleges,cc2009. a60 p. :bill. ;c28 cm. aInformation Technology